Alfred Hitchcock : (Registro nro. 42921)
[ vista simple ]
| 000 -CABECERA | |
|---|---|
| campo de control de longitud fija | 00786nam a2200217 a 4500 |
| 001 - NÚMERO DE CONTROL | |
| campo de control | 000043432 |
| 005 - FECHA Y HORA DE LA ÚLTIMA TRANSACCIÓN | |
| campo de control | 20201002040916.0 |
| 008 - DATOS DE LONGITUD FIJA--INFORMACIÓN GENERAL | |
| campo de control de longitud fija | 140317s1998 sp c 000 0 spa d |
| 020 ## - NÚMERO INTERNACIONAL ESTÁNDAR DEL LIBRO | |
| Número Internacional Estándar del Libro | 8493006513 |
| 040 ## - FUENTE DE LA CATALOGACIÓN | |
| Centro catalogador/agencia de origen | DO-SdBNP |
| Lengua de catalogación | spa |
| Centro/agencia transcriptor | BNPHU |
| 100 1# - ENTRADA PRINCIPAL--NOMBRE DE PERSONA | |
| Nombre de persona | Spoto, Donald |
| 9 (RLIN) | 71098 |
| 240 10 - TÍTULO UNIFORME | |
| Título uniforme | The dark side of genius. The life of Alfred Hitchcock |
| 245 10 - MENCIÓN DE TÍTULO | |
| Título | Alfred Hitchcock : |
| Resto del título | la cara oculta del genio. / |
| Mención de responsabilidad, etc. | Donald Spoto; traducción Domingo Santos. |
| 260 ## - PUBLICACIÓN, DISTRIBUCIÓN, ETC. | |
| Lugar de publicación, distribución, etc. | Madrid, : |
| Nombre del editor, distribuidor, etc. | T&B Editores |
| -- | Ediciones JC, |
| Fecha de publicación, distribución, etc. | 1998. |
| 300 ## - DESCRIPCIÓN FÍSICA | |
| Extensión | 508 p. : |
| Otras características físicas | retrs. ; |
| Dimensiones | 24 cm. |
| 490 1# - MENCIÓN DE SERIE | |
| Mención de serie | Ediciones de cultura hispanica |
| -- | Colombina |
| Designación de volumen o secuencia | 2 |
| 500 ## - NOTA GENERAL | |
| Nota general | Incluye notas a pie de página |
| 700 12 - PUNTO DE ACCESO ADICIONAL--NOMBRE DE PERSONA | |
| Nombre de persona | Santos, Domingo |
| Término indicativo de función/relación | trad. |
| 9 (RLIN) | 42720 |
| 830 #0 - PUNTO DE ACCESO ADICIONAL DE SERIE-TÍTULO UNIFORME | |
| Título uniforme | Ediciones de cultura hispanica |
| 9 (RLIN) | 71099 |
| 830 #0 - PUNTO DE ACCESO ADICIONAL DE SERIE-TÍTULO UNIFORME | |
| Título uniforme | Colombina |
| Número de parte o sección de la obra | 2 |
| 9 (RLIN) | 71100 |
| Estado de retiro | Estado de pérdida | Restricciones de uso | No para préstamo | Código de colección | Localización permanente | Ubicación/localización actual | Ubicación en estantería | Fecha de adquisición | Número de inventario | Total de préstamos | Signatura topográfica completa | Código de barras | Fecha visto por última vez | Precio válido a partir de | Tipo de ítem Koha |
|---|---|---|---|---|---|---|---|---|---|---|---|---|---|---|---|
| Excluido de préstamo | Monografías: Libros y Folletos | General | General | En catalogación | 17.03.2014 | LF1 | 43432-10 | 25.06.2020 | 25.06.2020 | No se presta |
